00388pab a2200133 454500008004000000100001700040245010500057260000900162300001300171362001100184650001300195650002600208773002000234180718b2014 xxu||||| |||| 00| 0 eng d aSharma, P.B. aCreating new science and new engineering on the strength of interdisciplinary education and research c2014 ap.46-49. a17 Feb aResearch aEngineering education aUniversity News